|
|
|
|
| LEADER |
01637nam a2200325 a 4500 |
| 001 |
10355 |
| 003 |
BD-DhAAL |
| 008 |
091005s1985 mdua b 000 0 eng d |
| 999 |
|
|
|c 4451
|d 4451
|
| 010 |
|
|
|a 85071247
|
| 040 |
|
|
|a DLC
|c DLC
|d DLC
|d BD-DhAAL
|
| 082 |
0 |
0 |
|a 362.120681
|2 19
|
| 100 |
1 |
|
|a Russell, Sharon Stanton,
|d 1944-
|9 40388
|
| 245 |
1 |
0 |
|a Operations research issues.
|p Community financing /
|c Sharon Stanton Russell, Jack Reynolds.
|
| 260 |
|
|
|a Chevy Chase, Md. (5530 Wisconsin Ave., Chevy Chase 20815) :
|b Primary Health Care Operations Research, Center for Human Services,
|c 1985
|
| 300 |
|
|
|a 80 pages :
|b illustrations ;
|c 28 cm.
|
| 490 |
|
0 |
|a PRICOR monograph series.
|v 1
|
| 500 |
|
|
|a "This publication was prepared under Agency for International Development contract DSPE-5920-A-00-1048-00"--T.p. verso.
|
| 504 |
|
|
|a Includes bibliographical references.
|
| 541 |
1 |
|
|e 00010355
|
| 650 |
|
0 |
|a Community health services
|z Developing countries
|x Finance.
|9 40389
|
| 650 |
|
0 |
|a Community health services
|z Developing countries
|x Citizen participation.
|9 40390
|
| 650 |
|
0 |
|a Operations research.
|9 40391
|
| 700 |
1 |
|
|a Reynolds, Jack,
|d 1935-
|9 40392
|
| 710 |
2 |
|
|a Primary Health Care Operations Research (Project : Center for Human Services)
|9 40393
|
| 710 |
1 |
|
|a United States.
|b Agency for International Development.
|9 40394
|
| 740 |
0 |
|
|a Community financing.
|
| 852 |
4 |
|
|a Ayesha Abed Library
|j General Stacks
|
| 942 |
|
|
|2 ddc
|c BK
|
| 952 |
|
|
|0 0
|1 0
|2 ddc
|4 0
|6 362_120681000000000_RUS_1985
|7 0
|9 4162
|a BRACUL
|b BRACUL
|c GEN
|d 2009-10-11
|g 0.00
|l 0
|o 362.120681 RUS
|p 3010010355
|r 2009-10-11
|t 1
|w 2009-10-11
|y BK
|x No price found in the accession register.
|